Countries with Direct Flights to Israel (As of 2025) - Statistics

General Stats
  • This quiz has been taken 27 times
  • The average score is 41 of 45
Answer Stats
Continent Country % Correct
Europe Austria
100%
North America Canada
100%
Europe Croatia
100%
Europe Czech Republic
100%
Europe France
100%
Europe Germany
100%
Asia India
100%
Europe Italy
100%
Europe Romania
100%
Europe/Asia Russia
100%
Europe Spain
100%
Europe Switzerland
100%
Europe United Kingdom
100%
North America United States
100%
Europe Belgium
96%
Europe Bulgaria
96%
Europe Denmark
96%
Europe Greece
96%
Europe Hungary
96%
Asia Japan
96%
Europe Netherlands
96%
Europe Poland
96%
Europe Portugal
96%
Europe Serbia
96%
Europe Albania
91%
Europe Bosnia and Herzegovina
91%
Asia China
91%
Europe/Asia Cyprus
91%
Africa Ethiopia
91%
Europe/Asia Georgia
91%
Europe Latvia
91%
Europe Slovakia
91%
Asia United Arab Emirates
91%
Europe/Asia Armenia
87%
Europe/Asia Azerbaijan
87%
Europe Finland
87%
Europe Lithuania
87%
Europe Montenegro
87%
Asia Thailand
87%
Europe Moldova
83%
Asia Uzbekistan
83%
Asia Vietnam
83%
Africa Tanzania
70%
Africa Seychelles
65%
Asia Sri Lanka
57%
No matching quizzes found
Score Distribution
Percent of People with Each Score
Percentile by Number Answered
Your Score History
You have not taken this quiz